Vymedzenie poľnohospodárskych prírodných oblastí (PPO) v SSR na podklade výsledkov bonitácie poľnohospodárskeho pôdneho fondu ČSSR etapová úloha SPEV 903 129 309-01/01.1

Na minha lista:
Detalhes bibliográficos
Autor principal: Facuna, Ján
Formato: Livro
Idioma:eslovaco
Publicado em: Bratislava Výskumný ústav ekonomiky poľnohospodárstva a potravinárstva 1984
Tags: Adicionar Tag
Sem tags, seja o primeiro a adicionar uma tag!

MARC

LEADER 00000nam a2200000 4500
001 c106924
005 20221128071640.2
041 0 |a slo 
044 |a SK 
245 1 0 |a Vymedzenie poľnohospodárskych prírodných oblastí (PPO) v SSR na podklade výsledkov bonitácie poľnohospodárskeho pôdneho fondu ČSSR  |b etapová úloha SPEV 903 129 309-01/01.1  |c Ján Facuna 
264 1 |a Bratislava  |b Výskumný ústav ekonomiky poľnohospodárstva a potravinárstva  |c 1984 
300 |a 20 s. 
100 1 |a Facuna, Ján